Defence legislation manual (Bengal) (Record no. 379268)

000 -LEADER
fixed length control field 00670cam a22001217a 4500
008 - FIXED-LENGTH DATA ELEMENTS--GENERAL INFORMATION
fixed length control field 180718b-- xxu||||| |||| 00| 0 eng d
082 ## - DEWEY DECIMAL CLASSIFICATION NUMBER
Classification number A42x54 In2/39wdb
100 ## - MAIN ENTRY--PERSONAL NAME
Personal name Bengal. legislative department
245 ## - TITLE STATEMENT
Title Defence legislation manual (Bengal)
260 ## - PUBLICATION, DISTRIBUTION, ETC.
Place of publication, distribution, etc. Alipore
Name of publisher, distributor, etc. The author
Date of publication, distribution, etc. --
300 ## - PHYSICAL DESCRIPTION
Extent 3 Parts
500 ## - GENERAL NOTE
General note Library has pt.1. The defence of India act, 1939, and (amending cordinances with the rules and orders made thereunder. 1947. 936p; Pt. 2. Rules and orders made under the defence of India rules 1951. 663p; Pt. 3. certain central acts and ordinances relating to the defence of India during the period 1939 to 1945, with rules and orders made thereunder
Holdings
Withdrawn status Lost status Damaged status Not for loan Permanent Location Current Location Date acquired Full call number Barcode Date last seen Price effective from Koha item type
        Indian Institute of Public Administration Indian Institute of Public Administration 1996-02-19 A42x54 In2/39wdb 22680 2018-07-21 2018-07-21 Book
        Indian Institute of Public Administration Indian Institute of Public Administration 1999-11-02 A42x54 In2/39wdb 22672 2018-07-21 2018-07-21 Book
        Indian Institute of Public Administration Indian Institute of Public Administration 1999-11-02 A42x54 In2/39wdb 22670 2018-07-21 2018-07-21 Book

Powered by Koha